Juicio crítico del libro "Un hombre que se parecía a Orestes" [ (Record no. 187002)

MARC details
000 -LEADER
campo de control de longitud fija 01221njm a2200241 i 4500
001 - NÚMERO DE CONTROL
campo de control 187002
003 - IDENTIFICADOR DE NÚMERO DE CONTROL
campo de control ES-MaACL
005 - FECHA Y HORA DE LA ÚLTIMA TRANSACCIÓN
campo de control 20250824203440.0
007 - CAMPO FIJO DE DESCRIPCIÓN FÍSICA--INFORMACIÓN GENERAL
campo de control de longitud fija s|r|||||||||||
008 - DATOS DE LONGITUD FIJA--INFORMACIÓN GENERAL
campo de control de longitud fija 170327s1969 sp ||| |||||||| | spa d
100 1# - ENTRADA PRINCIPAL--NOMBRE DE PERSONA
Nombre de persona Cunqueiro, Álvaro,
Fechas asociadas al nombre 1911-1981
9 (RLIN) 42188
245 13 - MENCIÓN DEL TÍTULO
Título Juicio crítico del libro "Un hombre que se parecía a Orestes" [
Medio Grabación sonora] /
Mención de responsabilidad, etc. de Álvaro Cunqueiro ; con la intervención de Manuel Halcón, Manuel Alcántara, Dionisio Gamallo Fierros, Salvador Jiménez, Rafael Morales.
260 ## - PUBLICACIÓN, DISTRIBUCIÓN, ETC.
Lugar de publicación, distribución, etc. Madrid :
Nombre del editor, distribuidor, etc. Ateneo de Madrid,
Fecha de publicación, distribución, etc. 1969.
300 ## - DESCRIPCIÓN FÍSICA
Extensión 1 disco (CD-DA) ;
Dimensiones 12 cm.
490 1# - MENCIÓN DE SERIE
Mención de serie Coloquios críticos en presencia del autor "Un libro sobre la mesa"
500 ## - NOTA GENERAL
Nota general Datos basados en la invitación.
518 ## - NOTA DE FECHA/HORA Y LUGAR DE UN ACONTECIMIENTO
Nota de fecha/hora y lugar de un acontecimiento Acto organizado por el Aula de Literatura del Ateneo de Madrid, grabado en el Salón de Actos, el viernes día 28 de marzo de 1969, a las 19:15 h.
610 24 - PUNTO DE ACCESO ADICIONAL DE MATERIA--NOMBRE DE ENTIDAD CORPORATIVA
Nombre de entidad corporativa o nombre de jurisdicción como elemento de entrada Ateneo de Madrid-
Subdivisión general Actos culturales-
Subdivisión cronológica 1969-
Subdivisión de forma Grabaciones sonoras.
9 (RLIN) 1883
710 2# - ENTRADA AGREGADA--NOMBRE DE ENTIDAD CORPORATIVA
Nombre de entidad corporativa o nombre de jurisdicción como elemento de entrada Ateneo de Madrid.
Unidad subordinada Aula de Literatura.
9 (RLIN) 1943
830 00 - PUNTO DE ACCESO ADICIONAL DE SERIE-TÍTULO UNIFORME
Título uniforme Coloquios críticos en presencia del autor "Un libro sobre la mesa"
9 (RLIN) 177075
852 ## - LOCALIZACIÓN
Ubicación ES-MaACL
Número de control de estantería ROT 2/7/10
Holdings
Estatus retirado Estado de pérdida Estado de daño No para préstamo Colección Biblioteca de origen Biblioteca actual Ubicación en estantería Fecha de adquisición Fuente de adquisición Total de préstamos Signatura topográfica completa Código de barras Visto por última vez Precio de reemplazo Tipo de ítem Koha
        Fondo Ateneo de Madrid Biblioteca del Ateneo de Madrid Biblioteca del Ateneo de Madrid Depósito 27/03/2017     ROT 2/7/10 1197284 23/02/2023 23/02/2023 Archivo de ordenador en CD-ROM, CD o disquete